Bramkarze Piasta Gliwice w XXI wieku - Statystyki

Ogólne statystyki
  • Ten quiz został rozwiązany 18 razy
  • Średni wynik to 5 z 11
Statystyki odpowiedzi
Lata gry Narodowość Nazwisko % Poprawnych
2018- Słowacja František Plach
100%
2008-2023 Polska Jakub Szmatuła
75%
2020- Polska Karol Szymański
75%
2015-2017 Słowacja Dobrivoj Rusov
44%
2012-2015 Polska Jakub Szumski
38%
2014 Hiszpania Alberto Cifuentes
31%
2012-2014 Polska Dariusz Trela
31%
2008-2009 Polska Grzegorz Kasprzik
31%
2010 Polska Tomasz Kasprzik
31%
2009-2010 Polska Maciej Nalepa
6%
2009-2010 Polska Rafał Kwapisz
0%
Nie znaleziono quizów pasujących do podanych kryteriów
Rozkład punktacji
Procent ludzi z każdym wynikiem
Percentyl według liczby udzielonych odpowiedzi
Twoja historia wyników
Nie rozwiązałeś tego quizu